000 00675nam a2200217 a 4500
001 BRCA_8353
005 20190320210238.0
008 170714s1900----gw-a###f##---#000-0#ger-#
041 _ager
044 _agw
050 4 _aNC1509
_b.W5 1900
100 1 _aBusch, Wilhelm
_d1832-1908
_920911
245 1 0 _aNeues Wilhelm Busch Album
_bsammlung lustiger bildergeschichten, mit 1500 bildern. Heiteres und ernstes aus seiner lebenswerkstatt
_cWilhelm Busch.
260 _aAlemania
_bB. Mohn
_c[1900?]
300 _a415 p.
_bil., 1500 dibujos
_c31 cm.
500 _aVer también R89 e Y98
500 _aR90
650 1 4 _aHumorismo alemán
_96123
902 _aGFM
942 _2lcc
_cB
999 _c8021
_d8021